[Event "Wuerttemberg-chT Rapid"]
[Site "Boeblingen"]
[Date "2024.04.13"]
[Round "3.13"]
[White "Kabisch, Thilo"]
[Black "Kerpe, Andreas"]
[Result "1-0"]
[WhiteElo "2228"]
[BlackElo "2146"]
[PlyCount "69"]
[EventDate "2024.04.13"]
[EventType "team-tourn"]
[EventRounds "9"]
[EventCountry "GER"]
[SourceTitle "CB17_2024"]
[SourceDate "2024.04.24"]
[SourceVersion "1"]
[SourceVersionDate "2024.04.24"]
[SourceQuality "1"]

1. e4 Nc6 2. Nf3 e5 3. Bb5 a6 4. Ba4 d6 5. c3 Bd7 6. 0-0 g6 7. d4 Bg7 8. Be3 Nf6 9. Nbd2 0-0 10. Rc1 h6 11. d5 Ne7 12. Bxd7 Nxd7 13. Ne1 c6 14. c4 c5 15. Nd3 f5 16. f3 Rc8 17. a3 Nf6 18. b4 b6 19. Rb1 Qc7 20. Rb2 Nd7 21. Qe2 Rb8 22. Rfb1 Rfc8 23. Qd1 cxb4 24. axb4 b5 25. c5 dxc5 26. bxc5 Nxd5 27. exd5 e4 28. Qb3 Kh7 29. c6 exd3 30. cxd7 Qxd7 31. Ra2 Rc3 32. Qb4 Qxd5 33. Rxa6 Re8 34. Ra7 Rc2 35. Qd4 1-0

[Event "Wuerttemberg-chT Rapid"]
[Site "Boeblingen"]
[Date "2024.04.13"]
[Round "9.9"]
[White "Kabisch, Thilo"]
[Black "Kuklin, Valentin"]
[Result "0-1"]
[WhiteElo "2228"]
[BlackElo "2367"]
[PlyCount "116"]
[EventDate "2024.04.13"]
[EventType "team-tourn"]
[EventRounds "9"]
[EventCountry "GER"]
[SourceTitle "CB17_2024"]
[SourceDate "2024.04.24"]
[SourceVersion "1"]
[SourceVersionDate "2024.04.24"]
[SourceQuality "1"]

1. e4 e6 2. Nf3 d5 3. e5 c5 4. c3 Nc6 5. Na3 Nge7 6. Nc2 d4 7. Bd3 Ng6 8. Bxg6 hxg6 9. d3 Be7 10. Qe2 b6 11. cxd4 cxd4 12. Bd2 Bb7 13. Rc1 Qd5 14. 0-0 Qxa2 15. Ncxd4 Nxd4 16. Nxd4 Qd5 17. Nf3 Ba6 18. Rfd1 0-0 19. Bg5 Bxg5 20. Nxg5 Rfc8 21. Rc3 Rxc3 22. bxc3 Rd8 23. Qe3 Qb3 24. Qf3 Rf8 25. c4 Bb7 26. Qe2 a5 27. Re1 Qc3 28. Qe3 Rd8 29. Rf1 Qxd3 30. Qxb6 Qd7 31. Qxa5 Rc8 32. Qc3 Qc7 33. Rc1 Ra8 34. c5 Bc6 35. Re1 Ra4 36. Rd1 Rg4 37. Nf3 Bd5 38. Rd4 Bxf3 39. Rxg4 Bxg4 40. f3 Bf5 41. g4 Bb1 42. Kf2 Ba2 43. h4 Bd5 44. Ke3 Qb7 45. f4 Bg2 46. Kf2 Bh1 47. h5 Qg2+ 48. Ke3 Qg3+ 49. Kd4 Qxf4+ 50. Kd3 Qf3+ 51. Kc4 Qxc3+ 52. Kxc3 gxh5 53. gxh5 Kh7 54. Kb4 Kh6 55. Kb5 Kxh5 56. c6 Bxc6+ 57. Kxc6 g5 58. Kd6 Kg6 0-1

[Event "Wuerttemberg-chT Rapid"]
[Site "Boeblingen"]
[Date "2024.04.13"]
[Round "6.13"]
[White "Zuferi, Enis"]
[Black "Kabisch, Thilo"]
[Result "1-0"]
[WhiteElo "2406"]
[BlackElo "2228"]
[PlyCount "67"]
[EventDate "2024.04.13"]
[EventType "team-tourn"]
[EventRounds "9"]
[EventCountry "GER"]
[SourceTitle "CB17_2024"]
[SourceDate "2024.04.24"]
[SourceVersion "1"]
[SourceVersionDate "2024.04.24"]
[SourceQuality "1"]

1. d4 c5 2. d5 e6 3. c4 exd5 4. cxd5 d6 5. Nc3 a6 6. a4 Ne7 7. Nf3 Ng6 8. h4 Nd7 9. h5 Nge5 10. Nxe5 Nxe5 11. h6 g6 12. Bf4 Nd7 13. Ne4 Nf6 14. Ng5 Be7 15. e4 0-0 16. Be2 Nd7 17. Qd2 Qc7 18. 0-0 Bf6 19. Rac1 a5 20. Nf3 Re8 21. Bd3 b6 22. Rfe1 Ba6 23. Bxa6 Rxa6 24. Nd4 Bxd4 25. Qxd4 cxd4 26. Rxc7 Nc5 27. Bxd6 Nxa4 28. Be5 d3 29. d6 Raa8 30. d7 Reb8 31. Rec1 Nc5 32. R7xc5 bxc5 33. Bxb8 d2 34. d8Q# 1-0

[Event "BL2-Sued 2223"]
[Site "Germany"]
[Date "2023.02.04"]
[Round "5.7"]
[White "Kabisch, Thilo"]
[Black "Zude, Arno"]
[Result "0-1"]
[WhiteElo "2249"]
[BlackElo "2374"]
[PlyCount "98"]
[EventDate "2022.10.22"]
[EventType "team-tourn"]
[EventRounds "9"]
[EventCountry "GER"]
[SourceTitle "EXT 2024"]
[Source "ChessBase"]
[SourceDate "2023.10.10"]
[SourceVersion "1"]
[SourceVersionDate "2023.10.10"]
[SourceQuality "1"]
[WhiteTeam "Heilbronn"]
[BlackTeam "Hofheim"]
[WhiteTeamCountry "GER"]
[BlackTeamCountry "GER"]

1. e4 e5 2. Nf3 Nc6 3. Bb5 a6 4. Ba4 Nf6 5. 0-0 Be7 6. Re1 b5 7. Bb3 d6 8. c3 0-0 9. h3 Nb8 10. d4 Nbd7 11. Nbd2 Bb7 12. Bc2 Re8 13. Nf1 Bf8 14. Ng3 g6 15. b3 Bg7 16. d5 Nb6 17. Rb1 c6 18. c4 b4 19. dxc6 Bxc6 20. Qd2 a5 21. a3 bxa3 22. Bxa3 Nc8 23. Red1 Bf8 24. Bb2 Nb6 25. Bc3 Nfd7 26. Qe2 Qc7 27. Ra1 a4 28. b4 Nb8 29. Ra3 Bd7 30. Bd3 Be6 31. c5 dxc5 32. Bxe5 Qb7 33. bxc5 Bxc5 34. Rc3 N8d7 35. Bb5 Rec8 36. Rcd3 Nxe5 37. Nxe5 Bf8 38. Qf3 a3 39. Bd7 Nxd7 40. Rxd7 Qb5 41. R1d5 Qb1+ 42. Kh2 a2 43. Nxf7 a1Q 44. Nh5 Qg1+ 45. Kg3 Ra3 46. Rd3 Rxd3 47. Qxd3 Bxf7 48. Qf3 Qe5+ 49. Nf4 Rc3 0-1

[Event "BL2-Sued 2223"]
[Site "Germany"]
[Date "2022.11.25"]
[Round "6.7"]
[White "Lantzsch, Christian"]
[Black "Kabisch, Thilo"]
[Result "0-1"]
[WhiteElo "2160"]
[BlackElo "2249"]
[PlyCount "82"]
[EventDate "2022.10.22"]
[EventType "team-tourn"]
[EventRounds "9"]
[EventCountry "GER"]
[SourceTitle "EXT 2024"]
[Source "ChessBase"]
[SourceDate "2023.10.10"]
[SourceVersion "1"]
[SourceVersionDate "2023.10.10"]
[SourceQuality "1"]
[WhiteTeam "Heidesheim"]
[BlackTeam "Heilbronn"]
[WhiteTeamCountry "GER"]
[BlackTeamCountry "GER"]

1. d4 Nf6 2. Bg5 e6 3. e4 h6 4. Bxf6 Qxf6 5. c3 d6 6. Nd2 g6 7. Bc4 Bg7 8. Ne2 0-0 9. 0-0 a6 10. a4 c5 11. f4 cxd4 12. cxd4 Nc6 13. Nf3 Bd7 14. Qd2 Rac8 15. Rfc1 Rfd8 16. b4 e5 17. d5 Nd4 18. Nexd4 exd4 19. e5 Qe7 20. Qxd4 Bg4 21. Re1 Bxf3 22. gxf3 dxe5 23. Bf1 Qh4 24. Qd2 exf4 25. Ra3 Qg5+ 26. Kh1 Rxd5 27. Qg2 Qh4 28. Rb1 Rcd8 29. Ra2 Bd4 30. Bc4 Rg5 31. Qe2 Be3 32. b5 a5 33. Rc2 Rd7 34. Bb3 Qh3 35. Rf1 Kg7 36. Ba2 b6 37. Bb3 Re7 38. Qd1 Bc5 39. Qa1+ Kh7 40. Bc4 Re3 41. Qf6 Qxf3+ 0-1

[Event "Oberliga Wuerttemberg 2122"]
[Site "Wuerttemberg"]
[Date "2021.09.19"]
[Round "1.2"]
[White "Kabisch, Thilo"]
[Black "Dabo Peranic, Robert"]
[Result "1/2-1/2"]
[WhiteElo "2271"]
[BlackElo "2289"]
[PlyCount "177"]
[EventDate "2021.09.19"]
[EventType "team-tourn"]
[EventRounds "9"]
[EventCountry "GER"]
[SourceTitle "EXT 2023"]
[Source "ChessBase"]
[SourceDate "2022.10.05"]
[SourceVersion "1"]
[SourceVersionDate "2022.10.05"]
[SourceQuality "1"]
[WhiteTeam "Heilbronn"]
[BlackTeam "Deizisau II"]
[WhiteTeamCountry "GER"]
[BlackTeamCountry "GER"]

1. e4 e5 2. Nf3 Nc6 3. Bb5 Nf6 4. 0-0 Nxe4 5. d4 Nd6 6. dxe5 Nxb5 7. a4 Nbd4 8. Nxd4 d5 9. c3 Be7 10. f4 f6 11. exf6 Bxf6 12. Nxc6 bxc6 13. Re1+ Kf7 14. Be3 Re8 15. Nd2 Bf5 16. g4 d4 17. Bf2 Rxe1+ 18. Bxe1 dxc3 19. bxc3 Bd3 20. g5 Be7 21. Nf3 Be4 22. Ne5+ Kg8 23. Qe2 Bd5 24. Bf2 Bd6 25. Re1 Bxe5 26. Qxe5 Qd7 27. f5 Rf8 28. Bxa7 Rxf5 29. Qe8+ Qxe8 30. Rxe8+ Kf7 31. Rc8 Rxg5+ 32. Kf1 h5 33. Rxc7+ Ke6 34. Bd4 g6 35. a5 Kd6 36. Rg7 c5 37. Be3 Rf5+ 38. Ke1 Bf7 39. a6 Kc6 40. a7 Kb7 41. Bxc5 Rxc5 42. Rxf7+ Ka8 43. Kd2 Ra5 44. Ke3 Ra2 45. Rf2 Ra4 46. Rf6 Rg4 47. h3 Rg3+ 48. Rf3 Rg1 49. Kd4 g5 50. Kc5 Kxa7 51. c4 g4 52. Rf7+ Kb8 53. h4 Re1 54. Rh7 g3 55. Rg7 Re4 56. Rxg3 Rxh4 57. Rg8+ Kc7 58. Rg7+ Kc8 59. Kb5 Rg4 60. Rh7 h4 61. c5 Rg6 62. Rxh4 Rf6 63. Rh7 Rg6 64. Rh1 Rf6 65. Ka5 Rg6 66. Rb1 Kc7 67. Rb3 Rg5 68. Kb5 Rh5 69. Rg3 Rh6 70. Rg7+ Kc8 71. Kc4 Rh4+ 72. Kd5 Rh5+ 73. Kc6 Rh6+ 74. Kb5 Rf6 75. Re7 Rh6 76. Kc4 Kd8 77. Re5 Kc7 78. Kd5 Rg6 79. Rf5 Rh6 80. Rf7+ Kc8 81. Re7 Kd8 82. Re6 Rxe6 83. Kxe6 Kc7 84. Kd5 Kd7 85. c6+ Kc7 86. Kc5 Kc8 87. Kd6 Kd8 88. c7+ Kc8 89. Kc6 1/2-1/2

[Event "Oberliga Wuerttemberg 1920"]
[Site "Wuerttemberg"]
[Date "2019.11.10"]
[Round "3.2"]
[White "Kabisch, Thilo"]
[Black "Bach, Edwin"]
[Result "0-1"]
[WhiteElo "2326"]
[BlackElo "2175"]
[PlyCount "58"]
[EventDate "2019.09.15"]
[EventType "team-tourn"]
[EventRounds "9"]
[EventCountry "GER"]
[SourceTitle "EXT 2021"]
[Source "ChessBase"]
[SourceDate "2020.10.23"]
[SourceVersion "1"]
[SourceVersionDate "2020.10.23"]
[SourceQuality "1"]
[WhiteTeam "Heilbronn"]
[BlackTeam "Schmiden Cannstatt"]
[WhiteTeamCountry "GER"]
[BlackTeamCountry "GER"]

1. e4 c6 2. d4 d5 3. Nd2 dxe4 4. Nxe4 Nd7 5. Bc4 Ngf6 6. Ng5 e6 7. Ne2 h6 8. Nf3 Bd6 9. Bf4 Qc7 10. Qd2 0-0 11. 0-0 Rd8 12. Rfe1 b6 13. Rad1 Bb7 14. Bxd6 Qxd6 15. Nf4 Nf8 16. Ne5 Re8 17. Re3 c5 18. c3 cxd4 19. Qe2 Qc7 20. Rxd4 Rad8 21. Rxd8 Qxd8 22. Nxf7 Kxf7 23. Rxe6 Nxe6 24. Bxe6+ Ke7 25. Bb3+ Kd6 26. Qd3+ Kc7 27. Qc4+ Kb8 28. Ne6 Qd6 29. f3 Bd5 0-1

[Event "Wuerttemberg IM"]
[Site "Weissach"]
[Date "2019.08.26"]
[Round "1"]
[White "Kabisch, Thilo"]
[Black "Gustain, Marc"]
[Result "1-0"]
[WhiteElo "2347"]
[BlackElo "2165"]
[PlyCount "73"]
[EventDate "2019.08.26"]
[EventType "tourn"]
[EventRounds "9"]
[EventCountry "GER"]
[EventCategory "6"]
[SourceTitle "EXT 2020"]
[Source "ChessBase"]
[SourceDate "2019.10.17"]
[SourceVersion "1"]
[SourceVersionDate "2019.10.17"]
[SourceQuality "1"]

1. e4 d5 2. Nc3 dxe4 3. Nxe4 Bf5 4. Ng3 Bg6 5. Nf3 Nd7 6. d4 e6 7. Bc4 Bd6 8. Qe2 c6 9. Ne4 Bxe4 10. Qxe4 Ngf6 11. Qe2 Qc7 12. Bd2 Bf4 13. 0-0-0 0-0-0 14. Ng5 Bxg5 15. Bxg5 h6 16. Be3 Nb6 17. Bb3 Nbd5 18. Bd2 Rhe8 19. Rde1 Rd7 20. g3 Ne7 21. Bf4 Qd8 22. Qe5 Rc7 23. Qxc7+ Qxc7 24. Bxc7 Kxc7 25. Re5 Rd8 26. c3 Nf5 27. f4 Nd6 28. h3 Nfe4 29. g4 Nf2 30. Rf1 Nd3+ 31. Kc2 Nxe5 32. fxe5 Ne4 33. Rxf7+ Rd7 34. Rf4 Ng5 35. h4 Rf7 36. Rxf7+ Nxf7 37. Bxe6 1-0

[Event "Wuerttemberg Masters"]
[Site "Illertissen"]
[Date "2018.08.31"]
[Round "7"]
[White "Kvetny, Mark"]
[Black "Kabisch, Thilo"]
[Result "1-0"]
[WhiteElo "2421"]
[BlackElo "2314"]
[PlyCount "121"]
[EventDate "2018.08.25"]
[EventType "tourn"]
[EventRounds "9"]
[EventCountry "GER"]
[EventCategory "6"]
[SourceTitle "CBM 186 Extra"]
[Source "ChessBase"]
[SourceDate "2018.08.24"]
[SourceVersion "1"]
[SourceVersionDate "2018.08.24"]
[SourceQuality "1"]

1. d4 Nf6 2. c4 g6 3. Nc3 Bg7 4. e4 d6 5. h3 0-0 6. Be3 e5 7. d5 Na6 8. g4 Nc5 9. f3 Ne8 10. Qd2 f5 11. b4 Na6 12. a3 c5 13. Rb1 b6 14. Bd3 Bf6 15. exf5 Bh4+ 16. Kd1 gxf5 17. Nge2 f4 18. Bg1 Bd7 19. Ne4 Nf6 20. N2c3 Nxe4 21. Nxe4 Ba4+ 22. Ke2 Be8 23. Bf2 Bxf2 24. Nxf2 Qh4 25. Bf5 Rd8 26. Ne4 Kh8 27. b5 Nc7 28. a4 Bg6 29. Bxg6 hxg6 30. a5 Ne8 31. Qe1 Qxe1+ 32. Rbxe1 Nf6 33. Nxf6 Rxf6 34. axb6 axb6 35. Kd3 Ra8 36. Ra1 Rff8 37. Ra6 Rxa6 38. bxa6 Ra8 39. Ra1 Ra7 40. g5 Kg7 41. h4 Kf7 42. Ke2 Ke7 43. Kf2 Kd8 44. Kg2 Kc8 45. h5 gxh5 46. Kh3 Kb8 47. Kh4 e4 48. fxe4 f3 49. g6 Re7 50. Rf1 Ka7 51. Rxf3 Rxe4+ 52. Kxh5 Re5+ 53. Kh6 Kxa6 54. g7 Re1 55. Ra3+ Kb7 56. Rg3 Re8 57. g8R Rxg8 58. Rxg8 b5 59. cxb5 Kb6 60. Rb8+ Kc7 61. Ra8 1-0

[Event "Wuerttemberg Masters"]
[Site "Illertissen"]
[Date "2018.08.28"]
[Round "4"]
[White "Kabisch, Thilo"]
[Black "Hirneise, Jens"]
[Result "0-1"]
[WhiteElo "2314"]
[BlackElo "2344"]
[PlyCount "160"]
[EventDate "2018.08.25"]
[EventType "tourn"]
[EventRounds "9"]
[EventCountry "GER"]
[EventCategory "6"]
[SourceTitle "CBM 186 Extra"]
[Source "ChessBase"]
[SourceDate "2018.08.24"]
[SourceVersion "1"]
[SourceVersionDate "2018.08.24"]
[SourceQuality "1"]

1. e4 c5 2. Nf3 Nc6 3. d4 cxd4 4. Nxd4 Nf6 5. Nc3 d6 6. Bc4 e6 7. a3 Be7 8. Ba2 0-0 9. Be3 Bd7 10. Qe2 Nxd4 11. Bxd4 b5 12. f3 Qb8 13. 0-0 a5 14. Rad1 b4 15. Nb1 Bb5 16. Bc4 Bxc4 17. Qxc4 d5 18. Qe2 Rc8 19. e5 Nd7 20. f4 Bc5 21. c3 Ra7 22. Kh1 bxa3 23. bxa3 Rb7 24. f5 Bxd4 25. cxd4 exf5 26. Qf3 Nb6 27. Nc3 g6 28. Rb1 Rd8 29. Rb5 Nc4 30. Rxd5 Rc8 31. Rd1 Rb3 32. h3 Nb2 33. Rc1 Na4 34. Rxa5 Rbxc3 35. Rxc3 Nxc3 36. a4 Qb1+ 37. Kh2 Ne4 38. Rb5 Qa1 39. e6 Qxd4 40. exf7+ Kg7 41. Qf4 Qd6 42. Re5 Nf6 43. Rxf5 Qxf4+ 44. Rxf4 Kxf7 45. Rb4 Ra8 46. g4 Ke6 47. g5 Nd5 48. Rc4 Ke5 49. h4 Rb8 50. a5 Rb2+ 51. Kg3 Rb3+ 52. Kh2 Ra3 53. Rc5 Ke4 54. Rb5 Nf4 55. h5 Rh3+ 56. Kg1 Nxh5 57. Rb4+ Kf5 58. Ra4 Rb3 59. a6 Rb8 60. a7 Ra8 61. Ra5+ Kg4 62. Kf2 Ng7 63. Ke3 Nf5+ 64. Ke4 Nd6+ 65. Kd5 Nc8 66. Ke6 Rxa7 67. Rc5 Nb6 68. Rb5 Nc4 69. Kf6 Rf7+ 70. Ke6 Rf4 71. Rb7 Kxg5 72. Rxh7 Ne3 73. Rh1 Ng4 74. Kd5 Rf1 75. Rh3 Re1 76. Kd4 Rd1+ 77. Kc3 Kf4 78. Kc2 Rd6 79. Ra3 g5 80. Kc1 Nf6 0-1

[Event "Wuerttemberg Masters"]
[Site "Illertissen"]
[Date "2018.08.27"]
[Round "3"]
[White "Krassowizkij, Jaroslaw"]
[Black "Kabisch, Thilo"]
[Result "1-0"]
[WhiteElo "2439"]
[BlackElo "2314"]
[PlyCount "93"]
[EventDate "2018.08.25"]
[EventType "tourn"]
[EventRounds "9"]
[EventCountry "GER"]
[EventCategory "6"]
[SourceTitle "CBM 186 Extra"]
[Source "ChessBase"]
[SourceDate "2018.08.24"]
[SourceVersion "1"]
[SourceVersionDate "2018.08.24"]
[SourceQuality "1"]

1. e4 c5 2. Nf3 a6 3. Nc3 Nc6 4. d4 cxd4 5. Nxd4 e5 6. Nf5 d6 7. Bc4 Be6 8. Nd5 g6 9. Nfe3 Bg7 10. 0-0 Nge7 11. Nxe7 Nxe7 12. Bxe6 fxe6 13. Qg4 Qd7 14. Nc4 Nc8 15. a4 0-0 16. Ra3 Rb8 17. Be3 Qf7 18. Nd2 Ne7 19. Rd3 d5 20. Bc5 Rbc8 21. Rf3 Bf6 22. Bd6 Rxc2 23. Bxe5 Nf5 24. Bxf6 Qxf6 25. exf5 Rxd2 26. fxg6 Qe7 27. gxh7+ Kh8 28. Rg3 Qf7 29. Rf3 Qe7 30. Rxf8+ Qxf8 31. Qxe6 Kxh7 32. Qh3+ Qh6 33. Qxh6+ Kxh6 34. Rb1 Kg5 35. Kf1 Kf4 36. Ke1 Rc2 37. Rd1 Ke4 38. Rd2 Rc4 39. b3 Rc3 40. f3+ Ke5 41. Re2+ Kd4 42. f4 Rxb3 43. f5 Kd3 44. f6 Rb6 45. f7 Rf6 46. Rf2 Rb6 47. Rf3+ 1-0

[Event "Stuttgart-chA int"]
[Site "Ditzingen"]
[Date "2018.05.11"]
[Round "3"]
[White "Kryakvin, Dmitry"]
[Black "Kabisch, Thilo"]
[Result "1-0"]
[WhiteElo "2573"]
[BlackElo "2315"]
[PlyCount "95"]
[EventDate "2018.05.10"]
[EventType "swiss"]
[EventRounds "7"]
[EventCountry "GER"]
[SourceTitle "EXT 2020"]
[Source "ChessBase"]
[SourceDate "2019.10.17"]
[SourceVersion "1"]
[SourceVersionDate "2019.10.17"]
[SourceQuality "1"]

1. d4 Nf6 2. Bg5 d5 3. e3 Nbd7 4. Nd2 h6 5. Bf4 c5 6. c3 g6 7. h3 Bg7 8. Ngf3 0-0 9. Be2 b6 10. a4 a6 11. 0-0 Bb7 12. Ne5 Ne8 13. Nxd7 Qxd7 14. a5 Qc6 15. axb6 Qxb6 16. Qb3 Qc6 17. dxc5 Nc7 18. Nf3 Ne6 19. Nd4 Nxc5 20. Nxc6 Nxb3 21. Nxe7+ Kh7 22. Ra3 Nc5 23. Rd1 Rfd8 24. Bf3 Rd7 25. Nxd5 Bxd5 26. Rxd5 Rxd5 27. Bxd5 Rd8 28. Bxf7 Rd1+ 29. Kh2 Rd2 30. Ra5 g5 31. Bc7 Bf8 32. b4 Rd7 33. bxc5 Rxc7 34. Bc4 Bxc5 35. Rxa6 Bf8 36. Bd3+ Kg7 37. c4 Rd7 38. Be4 Bd6+ 39. g3 Bf8 40. Bd5 Rd8 41. Ra7+ Kf6 42. Kg2 Ke5 43. Ra6 Rd6 44. Ra8 Rf6 45. f4+ gxf4 46. gxf4+ Kf5 47. Kf3 h5 48. e4+ 1-0

[Event "Stuttgart-chA int"]
[Site "Ditzingen"]
[Date "2018.05.10"]
[Round "2"]
[White "Kabisch, Thilo"]
[Black "Bueter, Norbert"]
[Result "1-0"]
[WhiteElo "2315"]
[BlackElo "2032"]
[PlyCount "69"]
[EventDate "2018.05.10"]
[EventType "swiss"]
[EventRounds "7"]
[EventCountry "GER"]
[SourceTitle "EXT 2020"]
[Source "ChessBase"]
[SourceDate "2019.10.17"]
[SourceVersion "1"]
[SourceVersionDate "2019.10.17"]
[SourceQuality "1"]

1. e4 d6 2. d4 Nf6 3. Bd3 e5 4. d5 Be7 5. c4 c6 6. Nc3 Nbd7 7. Nge2 a5 8. 0-0 0-0 9. Kh1 Nc5 10. Bc2 Bg4 11. f3 Bh5 12. Rb1 Bg6 13. Be3 Nfd7 14. a3 f5 15. exf5 Bxf5 16. Bxf5 Rxf5 17. b4 axb4 18. axb4 Na6 19. Ng3 Rf7 20. dxc6 bxc6 21. Nge4 Nf8 22. b5 cxb5 23. Nxb5 Ne6 24. Nbxd6 Bxd6 25. Nxd6 Rd7 26. c5 Naxc5 27. Bxc5 Nxc5 28. Qd5+ Kf8 29. Qxe5 Rxd6 30. Qxc5 Ra5 31. Qc4 Rad5 32. Rb7 Rd7 33. Qf4+ Kg8 34. Rb8 Rd1 35. Qc4+ 1-0

[Event "Deizisau op 12th"]
[Site "Deizisau"]
[Date "2017.10.29"]
[Round "2"]
[White "Schork, Stefan"]
[Black "Kabisch, Thilo"]
[Result "0-1"]
[WhiteElo "2026"]
[BlackElo "2287"]
[PlyCount "60"]
[EventDate "2017.10.28"]
[EventType "swiss"]
[EventRounds "7"]
[EventCountry "GER"]
[SourceTitle "CBM 181 Extra"]
[Source "ChessBase"]
[SourceDate "2017.12.12"]
[SourceVersion "1"]
[SourceVersionDate "2017.12.12"]
[SourceQuality "1"]

1. Nf3 g6 2. g3 Bg7 3. Bg2 d6 4. 0-0 f5 5. d4 Nf6 6. c4 0-0 7. Nc3 c6 8. Qc2 Qc7 9. e4 e5 10. dxe5 dxe5 11. exf5 Bxf5 12. Qe2 Nbd7 13. Ng5 Nc5 14. Nge4 Ne6 15. b4 Nd4 16. Qb2 Bg4 17. Ng5 a5 18. bxa5 Qxa5 19. h3 Qxc3 20. Qxc3 Ne2+ 21. Kh1 Nxc3 22. hxg4 Nxg4 23. f3 Ne2 24. Ne6 Nxg3+ 25. Kg1 Nxf1 26. Nxf8 e4 27. fxg4 Bd4+ 28. Kh1 Bxa1 29. Ne6 Ng3+ 30. Kh2 Ne2 0-1

[Event "Wuerttemberg-ch"]
[Site "Stuttgart"]
[Date "2017.09.01"]
[Round "7"]
[White "Kabisch, Thilo"]
[Black "Neyman, Igor"]
[Result "1-0"]
[WhiteElo "2268"]
[BlackElo "2323"]
[PlyCount "75"]
[EventDate "2017.08.26"]
[EventType "swiss"]
[EventRounds "9"]
[EventCountry "GER"]
[SourceTitle "CBM 180 Extra"]
[Source "ChessBase"]
[SourceDate "2017.10.06"]
[SourceVersion "1"]
[SourceVersionDate "2017.10.06"]
[SourceQuality "1"]

1. e4 c5 2. Nf3 e6 3. c4 Nc6 4. d4 cxd4 5. Nxd4 Nf6 6. Nc3 Bb4 7. Nc2 Be7 8. b3 0-0 9. Be2 b6 10. 0-0 Bb7 11. Bb2 Rc8 12. Rc1 a6 13. Kh1 d6 14. Ne3 Ne5 15. f4 Ned7 16. Bf3 Qc7 17. a3 Qb8 18. b4 Rfd8 19. Qe2 Qa8 20. Qd3 Bf8 21. Rfe1 Rc7 22. Nf1 Rcc8 23. Nd2 Qb8 24. Qe2 Be7 25. e5 dxe5 26. fxe5 Nxe5 27. Nd5 Ng6 28. Nxe7+ Nxe7 29. Bxb7 Qxb7 30. Bxf6 gxf6 31. Ne4 Kg7 32. Rf1 Ng6 33. Nxf6 Rd4 34. Rc3 Qc7 35. c5 bxc5 36. Rxc5 Qd8 37. Nh5+ Kg8 38. Qf2 1-0

[Event "Wuerttemberg-ch"]
[Site "Stuttgart"]
[Date "2017.08.30"]
[Round "5"]
[White "Kabisch, Thilo"]
[Black "Kvetny, Mark"]
[Result "0-1"]
[WhiteElo "2268"]
[BlackElo "2406"]
[PlyCount "96"]
[EventDate "2017.08.26"]
[EventType "swiss"]
[EventRounds "9"]
[EventCountry "GER"]
[SourceTitle "CBM 180 Extra"]
[Source "ChessBase"]
[SourceDate "2017.10.06"]
[SourceVersion "1"]
[SourceVersionDate "2017.10.06"]
[SourceQuality "1"]

1. e4 c5 2. Nf3 d6 3. d4 cxd4 4. Nxd4 Nf6 5. Nc3 Nc6 6. Bc4 e6 7. a3 Be7 8. Ba2 0-0 9. 0-0 Bd7 10. Kh1 Rc8 11. Be3 Na5 12. f3 a6 13. Qd3 Qc7 14. Rfd1 Nc4 15. Bxc4 Qxc4 16. Qxc4 Rxc4 17. Nb3 Rcc8 18. Bf4 Ne8 19. Rd2 Bf6 20. e5 dxe5 21. Be3 Bc6 22. Bc5 e4 23. Nxe4 Bxb2 24. Rb1 Be5 25. Bxf8 Kxf8 26. Nbc5 Ke7 27. c4 Nf6 28. Nxf6 Bxf6 29. Rd3 b5 30. Rdd1 bxc4 31. Rdc1 Bxf3 32. Nxa6 Be4 33. Rb4 Bd5 34. Rb8 Rxb8 35. Nxb8 Bb2 36. Nc6+ Kd6 37. Rc2 c3 38. Nb4 Kc5 39. Rf2 Be4 40. Rxf7 Bxa3 41. Na2 c2 42. Rxg7 Kc4 43. Rg3 Bd3 44. Re3 Kb3 45. Nc1+ Bxc1 46. Rxd3+ Kc4 47. Rd6 Ba3 48. Rc6+ Bc5 0-1

[Event "Stuttgart op 22nd"]
[Site "Ditzingen"]
[Date "2017.05.27"]
[Round "6"]
[White "Krassowizkij, Jaroslaw"]
[Black "Kabisch, Thilo"]
[Result "1-0"]
[WhiteElo "2452"]
[BlackElo "2262"]
[PlyCount "97"]
[EventDate "2017.05.25"]
[EventType "swiss"]
[EventRounds "7"]
[EventCountry "GER"]
[SourceTitle "EXT 2018"]
[Source "ChessBase"]
[SourceDate "2017.10.13"]
[SourceVersion "1"]
[SourceVersionDate "2017.10.13"]
[SourceQuality "1"]

1. d4 Nf6 2. c4 g6 3. g3 Bg7 4. Bg2 0-0 5. Nc3 d6 6. Nf3 Nbd7 7. 0-0 e5 8. e4 c6 9. h3 Re8 10. Re1 a6 11. d5 cxd5 12. cxd5 b5 13. Nd2 Nc5 14. Bf1 Qc7 15. b4 Nd3 16. Nxb5 axb5 17. Bxd3 Qc3 18. Nb3 Qxb4 19. Bd2 Qa4 20. Qe2 Bd7 21. Reb1 Reb8 22. a3 Bxh3 23. Bb4 Ng4 24. Na5 Rc8 25. Bxb5 Qc2 26. Nc6 Qxe2 27. Bxe2 Bf8 28. f3 Nf6 29. a4 Bd7 30. Bb5 Nh5 31. Be1 Re8 32. a5 f5 33. a6 Bh6 34. Bf2 fxe4 35. fxe4 Bg4 36. a7 Nf6 37. Na5 Rf8 38. Bc6 Rac8 39. Nc4 Nxe4 40. Be3 Nc3 41. Re1 Bxe3+ 42. Rxe3 Ne2+ 43. Kg2 Nd4 44. a8Q Nxc6 45. Qxc6 Rxc6 46. dxc6 Rc8 47. Ra6 Be6 48. Nxd6 Bd5+ 49. Kg1 1-0

[Event "Stuttgart op 22nd"]
[Site "Ditzingen"]
[Date "2017.05.26"]
[Round "3"]
[White "Kabisch, Thilo"]
[Black "Levin, Felix"]
[Result "0-1"]
[WhiteElo "2262"]
[BlackElo "2501"]
[PlyCount "48"]
[EventDate "2017.05.25"]
[EventType "swiss"]
[EventRounds "7"]
[EventCountry "GER"]
[SourceTitle "EXT 2018"]
[Source "ChessBase"]
[SourceDate "2017.10.13"]
[SourceVersion "1"]
[SourceVersionDate "2017.10.13"]
[SourceQuality "1"]

1. e4 e5 2. Nf3 Nc6 3. Bb5 a6 4. Ba4 Nge7 5. c4 g6 6. d4 exd4 7. Nxd4 Bg7 8. Be3 Ne5 9. Bb3 c5 10. Nc2 b5 11. Nba3 Qa5+ 12. Kf1 b4 13. Nb1 Qc7 14. a3 bxa3 15. Rxa3 0-0 16. Nc3 d6 17. h3 Be6 18. Nd5 Nxd5 19. cxd5 Bd7 20. Kg1 Bb5 21. Ba2 f5 22. b4 cxb4 23. Nxb4 Nc4 24. Qc1 Bb2 0-1

[Event "GER CupT 1617 Round2 (4)"]
[Site "Emmendingen"]
[Date "2017.03.11"]
[Round "1.1"]
[White "Movsesian, Sergei"]
[Black "Kabisch, Thilo"]
[Result "1-0"]
[WhiteElo "2679"]
[BlackElo "2272"]
[PlyCount "69"]
[EventDate "2017.03.11"]
[EventType "team-k.o."]
[EventRounds "2"]
[EventCountry "GER"]
[SourceTitle "EXT 2019"]
[Source "ChessBase"]
[SourceDate "2018.10.10"]
[SourceVersion "1"]
[SourceVersionDate "2018.10.10"]
[SourceQuality "1"]
[WhiteTeam "Baden-Baden"]
[BlackTeam "Schmiden Cannstatt"]
[WhiteTeamCountry "GER"]
[BlackTeamCountry "GER"]

1. e4 c5 2. Nf3 Nc6 3. Nc3 g6 4. d4 cxd4 5. Nxd4 Bg7 6. Nde2 Nf6 7. g3 0-0 8. Bg2 d6 9. 0-0 Be6 10. h3 Rc8 11. Re1 a6 12. Rb1 b5 13. b3 Nd7 14. Bb2 Nb6 15. Nd5 f6 16. f4 Bf7 17. f5 Ne5 18. Nd4 Bh6 19. Nf4 Qd7 20. Qe2 Rfe8 21. Rbd1 Qc7 22. Kh1 Nbd7 23. a3 Nf8 24. h4 Qc5 25. Bh3 Rc7 26. h5 g5 27. Nfe6 Bxe6 28. fxe6 g4 29. Bxg4 Nxg4 30. Qxg4+ Qg5 31. Qf3 Rec8 32. Bc1 Qg7 33. Nf5 Rc3 34. Rd3 Rxd3 35. Qxd3 1-0